Mrs. Pargeter's pound of flesh : (Record no. 992)

MARC details
000 -LEADER
fixed length control field 00798cam a2200241 a 4500
005 - DATE AND TIME OF LATEST TRANSACTION
control field 20260322212042.0
008 - FIXED-LENGTH DATA ELEMENTS--GENERAL INFORMATION
fixed length control field data
010 ## - LIBRARY OF CONGRESS CONTROL NUMBER
LC control number 92030969
020 ## - INTERNATIONAL STANDARD BOOK NUMBER
International Standard Book Number 0684195658 :
Terms of availability {dollar}20.00
020 ## - INTERNATIONAL STANDARD BOOK NUMBER
International Standard Book Number 9780684195650 :
Terms of availability {dollar}20.00
040 ## - CATALOGING SOURCE
Original cataloging agency DLC
Transcribing agency DLC
Modifying agency DLC
-- OCoLC
-- DLC
050 00 - LIBRARY OF CONGRESS CALL NUMBER
Classification number PR6052.R4296
Item number M38 1993
082 00 - DEWEY DECIMAL CLASSIFICATION NUMBER
Classification number 823/.914
Edition information 20
001 - CONTROL NUMBER
control field data
100 1# - MAIN ENTRY--PERSONAL NAME
Personal name Brett, Simon.
245 10 - TITLE STATEMENT
Title Mrs. Pargeter's pound of flesh :
Remainder of title a Mrs. Pargeter mystery /
Statement of responsibility, etc. Simon Brett.
250 ## - EDITION STATEMENT
Edition statement 1st U.S. ed.
260 ## - PUBLICATION, DISTRIBUTION, ETC.
Place of publication, distribution, etc. New York :
Name of publisher, distributor, etc. Maxwell Macmillan International,
-- Maxwell Macmillan International,
Date of publication, distribution, etc. 1993.
300 ## - PHYSICAL DESCRIPTION
Extent 207 p. ;
Dimensions 25 cm.
650 #0 - SUBJECT ADDED ENTRY--TOPICAL TERM
Topical term or geographic name entry element Pargeter, Mrs. (Fictitious character)
General subdivision Fiction.
650 #0 - SUBJECT ADDED ENTRY--TOPICAL TERM
Topical term or geographic name entry element Women detectives
General subdivision Fiction.
Geographic subdivision England
655 #7 - INDEX TERM--GENRE/FORM
Genre/form data or focus term Detective and mystery stories.
Source of term gsafd
Holdings
Withdrawn status Lost status Damaged status Not for loan Home library Current library Shelving location Date acquired Total checkouts Full call number Barcode Date last seen Price effective from Koha item type
        Centerville Centerville General stacks 22/03/2026   823/.914 20 BC0011025 22/03/2026 22/03/2026 Books